000 00773nam a2200181 i 4500
001 88519
003 ES-MaACL
005 20230906175856.0
007 t|
008 050104m19021912fr |||| | fre d
100 1 _aLallemand, Léon.
_969733
245 1 0 _aHistoire de la charité /
_cpar Léon Lallemand.
260 _aParís :
_b[s.n.,
_c1902-12] (
_fProtat Frères)
300 _a5 v. ;
_c25 cm.
505 8 _aContiene: T.I: L'antiquité (les civilisations disparues) - T. II: Les neuf premiers siècles de l'ère chrétienne - T. III: Le moyen âge (du Xe au XVIe siècle) - T. IV: Les temps modernes (du XVIe au XIXe siècle): premiere partie - T. V: Les temps modernes: deuxieme partie
650 4 _aBeneficencia-
_xHistoria.
_9135683
852 _aES-MaACL
_jF-1035-39
999 _c88519
_d88519